000 00721nam a2200241 i 4500
001 C2-0316179
003 PPAK
005 20180728112121.0
008 120722s2012 enk |||| ||||| | eng d
020 _a9780415693295
040 _aPPAK
_beng
_cPPAK
_erda
082 0 4 _a303.482401767
_223
090 0 0 _a303.482401767
_bMAV
_dR
100 1 _aMavelli, Luca,
_eauthor
245 1 0 _aEurope's encounter with Islam :
_bthe secular and the postsecular
264 1 _aLondon :
_bRoutledge ,
_c2012
300 _axii, 172 pages ;
_c23 cm
336 _2rdacontent
_atext
337 _2rdamedia
_aunmediated
338 _2rdacarrier
_avolume
650 1 0 _aMuslims - Europe. ; Islam and secularism - Europe.
942 _ddc
_cB
999 _c117321
_d117321